[Event "Mechanics' Fall TNM; 30/90, SD/30"]
[Site "San Francisco"]
[Date "2013.12.10"]
[Round "8.7"]
[White "Andries, Craig"]
[Black "Watson, Farid Mark"]
[Result "0-1"]
[WhiteElo "1956"]
[BlackElo "2078"]
[PlyCount "90"]
[EventDate "2013.??.??"]

1. d4 g6 2. c4 Bg7 3. Nf3 d6 4. Nc3 Nf6 5. e4 O-O 6. h3 Nc6 7. g3 e5 8. d5 Ne7
9. Bg2 c6 10. O-O Qc7 11. Be3 h6 12. c5 cxd5 13. Nb5 Qa5 14. Nxd6 d4 15. Nxc8
Raxc8 16. Bd2 Qxc5 17. Rc1 Qd6 18. Ne1 Rxc1 19. Qxc1 Rc8 20. Qd1 Qa6 21. a3 Qc4
22. Bf3 Nc6 23. b3 Qe6 24. Kg2 Kh7 25. Nd3 Nd7 26. b4 b6 27. Kh2 a5 28. Bg4 f5
29. exf5 gxf5 30. Bf3 axb4 31. axb4 Ne7 32. Re1 e4 33. Bg2 Qa2 34. Nf4 Rc2 35.
Bc1 Rxf2 36. Kg1 Ng6 37. Ne2 Rxg2+ 38. Kxg2 d3 39. h4 Nge5 40. Kh1 Nf3 41. Rg1
Qxe2 42. Qxe2 dxe2 43. Bd2 Nxg1 44. Kxg1 Bd4+ 45. Kg2 Ne5 0-1

[Event "Mechanics' Neil Falconer TNM; 30/90, SD"]
[Site "San Francisco"]
[Date "2013.09.17"]
[Round "7.6"]
[White "Askin, Michael"]
[Black "Anderson, Michael Gene"]
[Result "1-0"]
[WhiteElo "1887"]
[BlackElo "1997"]
[PlyCount "129"]
[EventDate "2013.??.??"]

1. Nf3 c5 2. g3 Nc6 3. Bg2 g6 4. O-O Bg7 5. e4 e6 6. d3 Nge7 7. Nc3 O-O 8. Be3
Nd4 9. Ne2 Nec6 10. c3 Nxf3+ 11. Bxf3 Ne5 12. Bg2 d6 13. h3 Rb8 14. f4 Nc6 15.
a4 b6 16. f5 exf5 17. exf5 Qe7 18. Bd2 Ne5 19. Be4 d5 20. f6 Bxf6 21. Nf4 Be6
22. Bxd5 Nxd3 23. Bxe6 Nxf4 24. Bxf4 Qxe6 25. Bxb8 Rxb8 26. Kg2 Be5 27. Qf3 Re8
28. Rae1 f6 29. Rd1 Re7 30. Qd5 Kf7 31. Rf3 Qxd5 32. Rxd5 Ke6 33. Rfd3 a5 34.
Kf3 h5 35. Rd8 h4 36. g4 g5 37. Rc8 Rb7 38. Rd2 Ke7 39. c4 Bd4 40. b3 Kd7 41.
Rg8 Ke6 42. Re2+ Be5 43. Rd8 Ke7 44. Rd5 Ke6 45. Ke4 Re7 46. Rd8 Rb7 47. Rc8
Kd7 48. Rg8 Ke6 49. Rd2 Bd4 50. Rd3 Kf7 51. Rc8 Ke6 52. Rc6+ Ke7 53. Kf5 Kf7
54. Re6 Rb8 55. Rd2 Rb7 56. Rde2 Bc3 57. Rd6 Be5 58. Rc6 Rb8 59. Rxe5 fxe5 60.
Rf6+ Kg7 61. Rg6+ Kh7 62. Rxg5 Re8 63. Ke4 Rd8 64. Rxe5 Rd1 65. Rh5+ {
the remaining moves are unavailable.} 1-0

[Event "Mechanics' Neil Falconer TNM; 30/90, SD"]
[Site "San Francisco"]
[Date "2013.10.01"]
[Round "9.6"]
[White "Askin, Michael"]
[Black "Andries, Craig"]
[Result "1-0"]
[WhiteElo "1887"]
[BlackElo "1956"]
[Annotator "Donaldson"]
[PlyCount "85"]
[EventDate "2013.??.??"]

1. e4 d6 2. d4 g6 3. Nc3 Bg7 4. Nf3 c6 5. Be3 Nd7 6. Qd2 Qa5 7. Bd3 a6 8. O-O
Ngf6 9. h3 O-O 10. Bh6 Qh5 11. Bxg7 Kxg7 12. Ne2 e5 13. Ng3 Qh6 14. Qc3 Re8 15.
Rad1 c5 16. dxe5 dxe5 17. a4 Kg8 18. a5 Nh5 19. Nxh5 Qxh5 20. Nh2 Rb8 21. Ng4
b5 22. axb6 Rxb6 23. Be2 Qg5 24. Rd5 (24. f4 $1 exf4 25. Rd5 Qe7 26. Nh6+ Kf8
27. Qh8#) 24... Qf4 25. Bf3 h5 26. g3 Qg5 27. h4 Qe7 28. Nh6+ $4 (28. Ne3 $16)
28... Kh7 29. Qe3 Rf6 (29... Qf8 $19) 30. g4 Rxf3 31. Qxf3 Kxh6 32. Qe3+ Kh7
33. g5 Bb7 34. Rd3 Qe6 35. Rfd1 Nf8 36. f3 Qh3 37. Qf2 c4 38. Rd6 Kg7 39. Rf6
Re6 40. Rd8 Nh7 $4 (40... Rc6 $19) 41. Rxe6 Qxe6 {Diagram #} 42. Qc5 $1 {
Black is completely tied up. He cannot move a piece without losing material.}
Qh3 (42... Bc6 43. Rd6) (42... Qc6 43. Qxe5+) (42... a5 43. Rd6 Qe8 44. Rb6 Ba8
45. Qc7 {and Rb8.}) 43. Qxe5+ 1-0

[Event "Mechanics' Fall TNM; 30/90, SD/30"]
[Site "San Francisco"]
[Date "2013.12.10"]
[Round "8.10"]
[White "Askin, Michael"]
[Black "Bekhtur, Bayaraa"]
[Result "0-1"]
[WhiteElo "1887"]
[BlackElo "1816"]
[Annotator "Donaldson"]
[PlyCount "60"]
[EventDate "2013.??.??"]

1. Nf3 d6 2. d4 e6 3. e4 Be7 4. c4 Nf6 5. Nc3 O-O 6. Bd3 Nc6 7. O-O e5 8. d5
Nb4 9. Be2 Na6 10. Bg5 $2 {Diagram #} (10. a3 $16) 10... Nxd5 $1 11. Nxd5 Bxg5
12. Nxg5 Qxg5 13. f4 exf4 14. Rxf4 c6 15. h4 Qe5 16. Nf6+ gxf6 17. Qd2 Kh8 18.
Raf1 Nc5 19. Qc2 Rg8 20. b4 Ne6 21. Rxf6 Nd4 22. Qd2 Bh3 23. R6f2 Bxg2 24. Rxg2
Rxg2+ 25. Kxg2 Rg8+ 26. Kh1 Qxe4+ 27. Bf3 Nxf3 28. Qc3+ Ne5+ 29. Kh2 Qxh4+ (
29... Qg2#) 30. Qh3 Ng4+ 0-1

[Event "Mechanics' Winter TNM; 30/90, SD/30"]
[Site "San Francisco"]
[Date "2013.02.19"]
[Round "7.17"]
[White "Askin, Michael"]
[Black "Cox, Hank"]
[Result "1-0"]
[WhiteElo "1872"]
[BlackElo "1623"]
[PlyCount "81"]
[EventDate "2013.??.??"]

1. d4 Nf6 2. c4 g6 3. Nc3 Bg7 4. e4 d6 5. Nf3 O-O 6. Be2 Nbd7 7. O-O e5 8. Re1
a6 9. d5 Kh8 10. Bg5 h6 11. Bh4 g5 12. Bg3 Nh5 13. Nd2 Nf4 14. Bf1 Nc5 15. Qc2
f5 16. f3 Nh5 17. Bf2 f4 18. b4 Nd7 19. c5 Ndf6 20. Nc4 g4 21. Bh4 g3 22. hxg3
Nxg3 23. Bd3 Qe8 24. cxd6 Qh5 25. Bxf6 Bxf6 26. dxc7 Qh1+ 27. Kf2 Qh2 28. Bf1
Bh4 29. Nxe5 Nxf1+ 30. Kxf1 Qh1+ 31. Ke2 Qxg2+ 32. Kd3 Qxc2+ 33. Kxc2 Bxe1 34.
Rxe1 Rg8 35. d6 Rg7 36. Nd5 Be6 37. Nxf4 Bd7 38. Nxd7 Rxd7 39. e5 Rf8 40. Ng6+
Kg7 41. Nxf8 1-0

[Event "Mechanics' Fall TNM; 30/90, SD/30"]
[Site "San Francisco"]
[Date "2013.10.22"]
[Round "1.18"]
[White "Askin, Michael"]
[Black "Frank, Robert"]
[Result "1-0"]
[WhiteElo "1887"]
[BlackElo "1389"]
[PlyCount "59"]
[EventDate "2013.??.??"]

1. d4 Nf6 2. c4 e6 3. Nf3 d5 4. g3 Bb4+ 5. Bd2 Bxd2+ 6. Qxd2 Ne4 7. Qc2 Nc6 8.
Bg2 O-O 9. O-O b6 10. cxd5 Nxd4 11. Nxd4 exd5 12. Nc3 Nxc3 13. Qxc3 Bb7 14. Nc6
Qd6 15. Rac1 Rfe8 16. e3 a5 17. Rfd1 Bxc6 18. Qxc6 Qxc6 19. Rxc6 Rac8 20. Rxd5
Re7 21. Bh3 Ra8 22. Rd7 Rxd7 23. Bxd7 Ra7 24. f4 g6 25. e4 Kf8 26. e5 Ke7 27.
Bh3 h6 28. Kf2 b5 29. Bf1 b4 30. Bc4 1-0

[Event "Mechanics' Neil Falconer TNM; 30/90, SD"]
[Site "San Francisco"]
[Date "2013.08.13"]
[Round "2.18"]
[White "Askin, Michael"]
[Black "Furukawa, Jon"]
[Result "1/2-1/2"]
[WhiteElo "1887"]
[BlackElo "1489"]
[PlyCount "158"]
[EventDate "2013.??.??"]

1. d4 d5 2. c4 dxc4 3. Nf3 Nf6 4. e3 e6 5. Bxc4 c5 6. O-O a6 7. Qe2 b5 8. Bb3
Nbd7 9. Rd1 Bb7 10. Nc3 Qc8 11. d5 Nxd5 12. Bxd5 exd5 13. Nxd5 Bxd5 14. Rxd5
Be7 15. e4 Nf6 16. Rd1 O-O 17. Bg5 h6 18. Bh4 Re8 19. Rac1 Qc6 20. e5 Nd5 21.
Qe4 Rad8 22. Nd4 Qb6 23. Bxe7 Nxe7 24. Nf5 Nxf5 25. Qxf5 c4 26. h3 Re6 27.
Rxd8+ Qxd8 28. f4 Re7 29. Kh2 Rd7 30. e6 fxe6 31. Qxe6+ Kh8 32. Qxa6 Qf6 33.
Qxf6 gxf6 34. Rc2 f5 35. Re2 b4 36. Rc2 Rc7 37. Kg3 c3 38. Kf3 Rc4 39. g3 h5
40. h4 Kg7 41. bxc3 bxc3 42. Ke3 Kf6 43. Kd3 Ra4 44. Rg2 Ra3 45. Kc4 c2 46.
Rxc2 Rxg3 47. Rf2 Ke6 48. a4 Kd6 49. Rd2+ Kc6 50. Rd5 Ra3 51. Rc5+ Kd6 52. Kb4
Rxa4+ 53. Kb5 Rxf4 54. Rc6+ Ke5 55. Rc5+ Ke4 56. Rc4+ Kf3 57. Rc8 Rxh4 {
After this capture, Black has a won position.} 58. Kc5 Re4 59. Kd5 h4 60. Rh8
Kg3 61. Rf8 Kf4 (61... Rf4) 62. Rh8 Kf3 63. Rh5 Kg4 64. Rh8 Kg3 65. Rf8 Rf4 66.
Ke5 Rf1 67. Rg8+ Kh2 68. Kd4 Rg1 69. Rf8 Rg4+ (69... Rg5) 70. Ke3 f4+ $2 (70...
Kg2 $19) 71. Kf3 Rg3+ 72. Kf2 Rg2+ 73. Kf1 Rg4 $2 (73... Ra2 $19) 74. Kf2 h3
75. Rh8 Rg2+ 76. Kf3 Rb2 77. Rh7 $2 Rg2 $2 {Now it's drawn again.} (77... Kg1
78. Kxf4 h2 $19) 78. Rh8 Rg3+ 79. Kf2 Rg1 1/2-1/2

[Event "Mechanics' Fall TNM; 30/90, SD/30"]
[Site "San Francisco"]
[Date "2013.11.05"]
[Round "3.15"]
[White "Askin, Michael"]
[Black "Hack, Richard"]
[Result "1/2-1/2"]
[WhiteElo "1887"]
[BlackElo "1565"]
[Annotator "Donaldson"]
[PlyCount "47"]
[EventDate "2013.??.??"]

1. d4 f5 2. g3 Nf6 3. Bg2 g6 4. c4 Bg7 5. Nc3 d6 6. Nf3 O-O 7. O-O Nc6 8. d5
Ne5 (8... Na5 {is the quieter alternative.}) 9. Nxe5 (9. Qb3 {
is for less adventuresome souls.}) 9... dxe5 10. e4 {
The most serious test of Black's resources.} f4 11. gxf4 Nh5 (11... exf4 12. e5
Ng4 13. e6 Ne5 {is the alternative.}) 12. f5 Qe8 (12... Nf4 {
is more commonly seen.}) 13. Nb5 gxf5 {In for a penny in for a pound! This
shouldn't work against best play but over the board things are not so simple.}
14. Nxc7 Qg6 15. Nxa8 fxe4 16. Kh1 Bg4 17. f3 $2 {
Michael's last few moves were perfect but here had to find} (17. Qb3) 17...
exf3 18. Bxf3 Bxf3+ 19. Rxf3 {Diagram #} Qe4 {and Black draws by force.} 20.
Kg2 Qg4+ 21. Kf2 Qh4+ 22. Kg2 Qg4+ 23. Kf2 Qh4+ 24. Kg2 1/2-1/2

[Event "Mechanics' Winter TNM; 30/90, SD/30"]
[Site "San Francisco"]
[Date "2013.01.29"]
[Round "4.19"]
[White "Askin, Michael"]
[Black "Jones, Clarence"]
[Result "1-0"]
[WhiteElo "1872"]
[BlackElo "1546"]
[PlyCount "67"]
[EventDate "2013.??.??"]

1. d4 Nf6 2. Nf3 e6 3. c4 d5 4. g3 c6 5. Bg2 Be7 6. O-O O-O 7. Qc2 Nbd7 8. Nbd2
Re8 9. Rd1 Nf8 10. e4 dxe4 11. Nxe4 Nxe4 12. Qxe4 Bf6 13. Qc2 Ng6 14. h4 h6 15.
h5 Nf8 16. Bf4 Qa5 17. Be5 Be7 18. a3 f6 19. b4 Qd8 20. Bf4 Bd6 21. Bxd6 Qxd6
22. c5 Qc7 23. Nd2 e5 24. Bf3 exd4 25. Nc4 Be6 26. Nd6 Red8 27. Rxd4 Nd7 28.
Re1 Ne5 29. Bg2 Bf7 30. f4 Ng4 31. Bh3 Qd7 32. Nf5 Qc7 33. Rxd8+ Rxd8 34. Bxg4
1-0

[Event "Mechanics' Fall TNM; 30/90, SD/30"]
[Site "San Francisco"]
[Date "2013.11.19"]
[Round "5.15"]
[White "Askin, Michael"]
[Black "Muller, Raymond"]
[Result "1-0"]
[WhiteElo "1887"]
[BlackElo "1624"]
[PlyCount "85"]
[EventDate "2013.??.??"]

1. e4 e6 2. d3 d5 3. Nd2 c5 4. Ngf3 Nc6 5. g3 Be7 6. Bg2 Nf6 7. O-O b6 8. e5
Nd7 9. Re1 Qc7 10. Qe2 Ba6 11. c3 O-O-O 12. a4 Bb7 13. Nb3 h6 14. d4 c4 15.
Nbd2 g5 16. Nb1 Na5 17. Na3 Nb3 18. Nb5 Qb8 19. Ra2 a6 20. Na3 Nxc1 21. Rxc1
Bc6 22. Nc2 Rhg8 23. Nd2 Qc7 24. b3 cxb3 25. Nxb3 Bb7 26. Nb4 a5 27. c4 Bxb4
28. cxd5 Bc5 29. d6 Qb8 30. dxc5 Bxg2 31. cxb6+ Kb7 32. Rc7+ Qxc7 33. bxc7 Rc8
34. Nxa5+ Ka7 35. Kxg2 Nb6 36. Nc6+ Kb7 37. Qb5 Ra8 38. a5 Ra6 39. Nd8+ Kc8 40.
Qxa6+ Kd7 41. Qxb6 Rf8 42. Qc6+ Kc8 43. d7# 1-0

[Event "Mechanics' Fall TNM; 30/90, SD/30"]
[Site "San Francisco"]
[Date "2013.12.03"]
[Round "7.17"]
[White "Askin, Michael"]
[Black "Potharam, Eitetsu"]
[Result "1-0"]
[WhiteElo "1887"]
[BlackElo "1725"]
[PlyCount "93"]
[EventDate "2013.??.??"]

1. Nf3 Nf6 2. c4 g6 3. Nc3 Bg7 4. d4 d5 5. Bg5 Ne4 6. Bh4 Nxc3 7. bxc3 c5 8. e3
Nc6 9. Rc1 cxd4 10. cxd4 O-O 11. Qd2 Be6 12. Ng5 Bg4 13. cxd5 Qxd5 14. f3 Bc8
15. Bc4 Qa5 16. Qxa5 Nxa5 17. Bd5 h6 18. Ne4 e6 19. Bc4 Nxc4 20. Rxc4 Bd7 21.
Nd6 Bc6 22. Be7 Rfb8 23. e4 Bf8 24. Bxf8 Kxf8 25. Kd2 Ke7 26. e5 Rd8 27. Ne4
Bd5 28. Rc7+ Rd7 29. Rxd7+ Kxd7 30. Nf6+ Kd8 31. Nxd5 exd5 32. Rc1 Rc8 33. Rc5
Rxc5 34. dxc5 Kd7 35. Kd3 Ke6 36. Kd4 a6 37. a3 h5 38. h4 a5 39. a4 g5 40. hxg5
h4 41. g6 fxg6 42. f4 Kf5 43. Kxd5 Kxf4 44. e6 Kg3 45. e7 Kxg2 46. e8=Q h3 47.
Qxg6+ 1-0

[Event "Mechanics' Winter TNM; 30/90, SD/30"]
[Site "San Francisco"]
[Date "2013.01.08"]
[Round "1.27"]
[White "Askin, Michael"]
[Black "Ryaboy, Michael"]
[Result "1-0"]
[WhiteElo "1872"]
[BlackElo "1188"]
[PlyCount "29"]
[EventDate "2013.??.??"]

1. d4 d5 2. c4 c6 3. Nf3 Nf6 4. Nc3 Bf5 5. Qb3 Qd7 6. cxd5 cxd5 7. Ne5 Qc7 8.
Nxd5 (8. e4 $1) 8... Nxd5 9. Qxd5 e6 10. Qb3 Nc6 11. Nxc6 Qxc6 12. Bf4 Rc8 13.
e3 a6 14. a3 Be7 15. f3 {Remaining moves unreadable.} 1-0

[Event "Mechanics' Winter TNM; 30/90, SD/30"]
[Site "San Francisco"]
[Date "2013.02.26"]
[Round "8.12"]
[White "Askin, Michael"]
[Black "Uzzaman, Ashik"]
[Result "1-0"]
[WhiteElo "1872"]
[BlackElo "1972"]
[PlyCount "81"]
[EventDate "2013.??.??"]

1. Nf3 c5 2. g3 Nc6 3. Bg2 Nf6 4. O-O d5 5. d3 e6 6. Nbd2 Bd6 7. e4 O-O 8. Qe2
dxe4 9. dxe4 e5 10. Nc4 Bg4 11. c3 Bc7 12. Bg5 h6 13. Bxf6 Qxf6 14. Ne3 Be6 15.
Qb5 Bb6 16. a4 Qe7 17. a5 Bd8 18. Nd5 Bxd5 19. exd5 a6 20. Qe2 Nxa5 21. Qxe5
Nc4 22. Qxe7 Bxe7 23. Rfe1 Bf6 24. Re2 Rad8 25. Ne1 Rd6 26. Rd1 Rfd8 27. Nd3 b6
28. f4 Nxb2 29. Nxb2 Bxc3 30. Nc4 Rf6 31. Nd2 Bd4+ 32. Kf1 g5 33. Ne4 Rf5 34.
Rd3 Rfxd5 35. Nf6+ Bxf6 36. Rxd5 Rxd5 37. Bxd5 gxf4 38. gxf4 a5 39. Re8+ Kg7
40. Rb8 Bd4 41. Rxb6 1-0

[Event "Mechanics' Winter TNM; 30/90, SD/30"]
[Site "?"]
[Date "2013.02.05"]
[Round "5"]
[White "Ayala, Nicholas"]
[Black "Doyle, Bryon"]
[Result "0-1"]
[WhiteElo "1532"]
[BlackElo "2015"]
[PlyCount "44"]
[EventDate "2013.01.14"]

1. e4 e5 2. f4 exf4 3. Nf3 g5 4. Bc4 d6 5. O-O h6 6. Nc3 Bg7 7. d4 Nc6 8. a3
Bg4 9. Ne2 Nf6 10. Qd3 O-O 11. c3 Re8 12. Nd2 d5 13. Ba2 dxe4 14. Qb5 a6 15.
Qxb7 Bxe2 16. Re1 Bb5 17. c4 Rb8 18. Qxb8 Nxb8 19. cxb5 Qxd4+ 20. Kh1 Ng4 21.
Nb3 Nf2+ 22. Kg1 Nh3+ 0-1

[Event "Mechanics' Winter TNM; 30/90, SD/30"]
[Site "San Francisco"]
[Date "2013.01.15"]
[Round "2.25"]
[White "Ayala, Nicholas"]
[Black "Vadim, Ryaboy"]
[Result "0-1"]
[WhiteElo "1532"]
[BlackElo "1782"]
[PlyCount "68"]
[EventDate "2013.??.??"]

1. e4 e5 2. f4 exf4 3. Nf3 d6 4. Bc4 h6 5. d4 g5 6. c3 Bg7 7. Qb3 Qe7 8. O-O c6
9. Na3 Nd7 10. Bd2 Nb6 11. Bd3 h5 12. Nc4 Nxc4 13. Bxc4 Bh6 14. Rad1 Rh7 15.
Bd3 Rg7 16. Be1 Bg4 17. c4 O-O-O 18. Bc3 f6 19. e5 Bxf3 20. Rxf3 g4 21. exd6
Qxd6 22. Bf5+ Kb8 23. Bb4 Qc7 24. Rfd3 f3 25. g3 h4 26. gxh4 g3 27. h3 Qf4 28.
Rxf3 Qxh4 29. d5 cxd5 30. cxd5 g2 31. d6 Bf4 32. Qc3 Nh6 33. Be6 Be5 34. Qd3
Qxb4 0-1

[Event "Mechanics' Winter TNM; 30/90, SD/30"]
[Site "San Francisco"]
[Date "2013.01.22"]
[Round "3.17"]
[White "Bachseitz, Martin"]
[Black "Anderson, Michael"]
[Result "0-1"]
[WhiteElo "1601"]
[BlackElo "1931"]
[PlyCount "60"]
[EventDate "2013.??.??"]

1. e4 c5 2. Nf3 e6 3. d4 cxd4 4. Nxd4 a6 5. Nc3 b5 6. Be3 Bb7 7. Bd3 g6 8. Qd2
Bg7 9. O-O Ne7 10. Nb3 h5 11. Nc5 Bc6 12. b4 d6 13. Nb3 Nd7 14. Rad1 Rc8 15.
Na5 Ba8 16. Ne2 Ne5 17. Bd4 O-O 18. f4 Bh6 19. Be3 Nc4 20. Bxc4 bxc4 21. Qxd6
Qxd6 22. Rxd6 Bxe4 23. c3 Bd3 24. Bc5 Rfe8 25. Rf2 Nd5 26. g3 Nf6 27. Rxa6 Ne4
28. Rg2 Nxc5 29. bxc5 Rxc5 30. Rc6 Rxa5 0-1

[Event "Mechanics' Fall TNM; 30/90, SD/30"]
[Site "San Francisco"]
[Date "2013.12.17"]
[Round "9.22"]
[White "Bachseitz, Martin"]
[Black "Chalissery, Jossy"]
[Result "0-1"]
[WhiteElo "1632"]
[BlackElo "1760"]
[PlyCount "34"]
[EventDate "2013.??.??"]

1. e4 d5 2. exd5 Qxd5 3. Nc3 Qa5 4. d4 Nf6 5. Nf3 c6 6. Bc4 Bf5 7. Bd2 e6 8.
Nd5 Qd8 9. Nxf6+ gxf6 10. Bb3 Nd7 11. Nh4 Bg6 12. Qf3 Qc7 13. O-O-O O-O-O 14.
Bf4 Bd6 15. Bg3 f5 16. Nxg6 hxg6 17. Qc3 f4 0-1

[Event "Mechanics' Neil Falconer TNM; 30/90, SD"]
[Site "San Francisco"]
[Date "2013.09.24"]
[Round "8.18"]
[White "Bachseitz, Martin"]
[Black "Delaney, Will"]
[Result "1-0"]
[WhiteElo "1631"]
[BlackElo "1800"]
[PlyCount "111"]
[EventDate "2013.??.??"]

1. d4 Nf6 2. c4 g6 3. Nc3 Bg7 4. e4 d6 5. Nf3 O-O 6. Be2 Na6 7. O-O c5 8. d5
Nc7 9. h3 Bd7 10. Be3 Rb8 11. Qc2 b5 12. Nd2 Qc8 13. Rab1 b4 14. Nd1 a5 15. b3
Na8 16. Bf4 Nb6 17. e5 Ne8 18. Nf3 Bf5 19. Bd3 Bxh3 20. gxh3 Qxh3 21. Qe2 Qg4+
22. Bg3 f5 23. Ne3 Qh5 24. Ng2 g5 25. Nd2 Qxe2 26. Bxe2 dxe5 27. f3 Nd6 28. Bf2
Nd7 29. Ne1 Bf6 30. Nd3 Nb7 31. Rbe1 Kg7 32. Bd1 h5 33. Bg3 f4 34. Bf2 Rh8 35.
Ne4 Rbc8 36. Kg2 Kf7 37. Rh1 h4 38. Reg1 Rhg8 39. Kf1 e6 40. Ndxc5 Nbxc5 41.
Nd6+ Ke7 42. Nxc8+ Rxc8 43. Bxc5+ Nxc5 44. dxe6 Rd8 45. Bc2 Nxe6 46. Rg2 Nd4
47. Be4 Kd6 48. Rd2 Kc5 49. Kf2 a4 50. bxa4 Rb8 51. Bc2 Kxc4 52. Bb3+ Kc3 53.
Rc2+ Nxc2 54. Rc1 Kd3 55. Rxc2 e4 56. fxe4 {White won on time.} 1-0

[Event "Mechanics' Neil Falconer TNM; 30/90, SD"]
[Site "San Francisco"]
[Date "2013.09.03"]
[Round "5.22"]
[White "Bachseitz, Martin"]
[Black "Furukawa, Jon"]
[Result "1-0"]
[WhiteElo "1631"]
[BlackElo "1489"]
[Annotator "Donaldson"]
[PlyCount "71"]
[EventDate "2013.??.??"]

1. e4 e5 2. Nf3 Nc6 3. Bb5 a6 4. Ba4 Nf6 5. O-O b5 6. Bb3 d6 7. h3 Be7 8. c3
O-O 9. Re1 Na5 10. Bc2 c5 11. d4 cxd4 12. cxd4 exd4 13. Nxd4 Bb7 14. Bf4 Nc4
15. Nd2 Ne5 16. N2f3 Nfd7 17. Nf5 Nxf3+ 18. Qxf3 Ne5 19. Qg3 Bf6 20. Rad1 Ng6
21. Nxd6 Qc7 22. Bb3 Nxf4 23. Qxf4 Qe7 24. Bxf7+ Rxf7 25. Nxf7 Qxf7 26. e5 Bd8
27. Qxf7+ Kxf7 28. Rd7+ Be7 29. Rxb7 b4 30. Rd1 Ke6 31. Rdd7 Bc5 32. Rdc7 Bd4
33. Re7+ Kf5 34. g4+ Ke4 35. Rxb4 Rf8 36. Rd7 {
A well-played Ruy by Martin Bachseitz.} 1-0

[Event "Mechanics' Winter TNM; 30/90, SD/30"]
[Site "San Francisco"]
[Date "2013.01.08"]
[Round "1.10"]
[White "Bachseitz, Martin"]
[Black "Gaffagan, Steven"]
[Result "0-1"]
[WhiteElo "1601"]
[BlackElo "2094"]
[PlyCount "88"]
[EventDate "2013.??.??"]

1. d4 Nf6 2. c4 g6 3. Bf4 Bg7 4. e3 O-O 5. Bd3 c5 6. Ne2 cxd4 7. exd4 d5 8. c5
Nc6 9. O-O Nh5 10. Be3 e5 11. Bb5 e4 12. Qd2 Ne7 13. Nbc3 Nf5 14. f3 exf3 15.
Rxf3 Nxe3 16. Qxe3 Bg4 17. Rf2 Rc8 18. h3 Bxe2 19. Rxe2 Qh4 20. Rd2 a6 21. Ba4
Ng3 22. Qf2 Qg5 23. Re1 h5 24. Bb3 Rcd8 25. Nxd5 Nf5 26. Re4 Rfe8 27. Rxe8+
Rxe8 28. Nc3 h4 29. Bd5 Re7 30. Ne4 Qe3 31. Qxe3 Nxe3 32. Nc3 Nxd5 33. Nxd5 Rd7
34. Nb6 Rxd4 35. Rc2 Rf4 36. Nd5 Bd4+ 37. Kh2 Rf1 38. g4 Rf3 39. b3 Be5+ 40.
Kg2 Rg3+ 41. Kf1 Rxh3 42. Re2 f6 43. Re3 Rh1+ 44. Kg2 Rh2+ 0-1

[Event "Mechanics' Neil Falconer TNM; 30/90, SD"]
[Site "San Francisco"]
[Date "2013.09.17"]
[Round "7.12"]
[White "Bachseitz, Martin"]
[Black "Grey, Peter"]
[Result "0-1"]
[WhiteElo "1631"]
[BlackElo "2000"]
[PlyCount "52"]
[EventDate "2013.??.??"]

1. d4 Nf6 2. c4 g6 3. Nc3 d5 4. Nf3 Bg7 5. Bf4 O-O 6. e3 c5 7. dxc5 Qa5 8. Rc1
dxc4 9. Bxc4 Qxc5 10. Qe2 Nc6 11. O-O e5 12. Bg3 Qa5 13. Nd2 Bf5 14. Nb3 Qb4
15. e4 Bd7 16. Rfd1 Rfe8 17. f3 a6 18. Bf2 b5 19. Nd5 Nxd5 20. Bxd5 Rac8 21.
Bc5 Qa4 22. Qd2 Be6 23. Bxe6 Rxe6 24. Ba3 Ree8 25. Nc5 Qd4+ 26. Qxd4 Nxd4 {
remainder illegible. B won in 30.} 0-1

[Event "Mechanics' Neil Falconer TNM; 30/90, SD"]
[Site "San Francisco"]
[Date "2013.08.20"]
[Round "3.25"]
[White "Bachseitz, Martin"]
[Black "Handigol, Abhishek"]
[Result "0-1"]
[WhiteElo "1631"]
[BlackElo "2008"]
[PlyCount "66"]
[EventDate "2013.??.??"]

1. e4 e5 2. Nf3 d5 3. exd5 Bd6 4. d4 e4 5. Ne5 Nf6 6. Bb5+ c6 7. dxc6 bxc6 8.
Nxc6 Qb6 9. Nc3 Nxc6 10. d5 O-O 11. Bxc6 Bg4 12. Qd2 Rab8 13. O-O Rfd8 14. Re1
Bf5 15. h3 a6 16. Rb1 Be5 17. Na4 Qc7 18. b3 h6 19. Bb2 Bxb2 20. Rxb2 Qxc6 21.
Qf4 Qxd5 22. c4 Qa5 23. Rc1 Bg6 24. c5 Nd5 25. Qe5 Nb4 26. Qc3 Qc7 27. Re2 Nd3
28. Rcc2 Nf4 29. Re1 e3 30. fxe3 Bxc2 31. exf4 Bg6 32. Qe5 Qc6 33. f5 Re8 0-1

[Event "Mechanics' Fall TNM; 30/90, SD/30"]
[Site "San Francisco"]
[Date "2013.12.03"]
[Round "7.32"]
[White "Bachseitz, Martin"]
[Black "Otterbach, Renate"]
[Result "1-0"]
[WhiteElo "1632"]
[BlackElo "865"]
[PlyCount "60"]
[EventDate "2013.??.??"]

1. d4 d5 2. Bf4 Bf5 3. e3 Nf6 4. c4 e6 5. c5 Nbd7 6. Nc3 c6 7. b4 b6 8. b5 bxc5
9. bxc6 Nb6 10. c7 Qc8 11. Bb5+ Nfd7 12. Bc6 Be7 13. a4 O-O 14. a5 c4 15. axb6
Nxb6 16. Bxa8 Nxa8 17. Rxa7 Bb4 18. Nge2 Nxc7 19. Rxc7 Qa6 20. O-O Qa5 21. Qa1
Qb6 22. Qa7 Qxa7 23. Rxa7 f6 24. Rfa1 e5 25. dxe5 Bc5 26. Rc7 Bb6 27. Rb7 Bc5
28. Ra5 fxe5 29. Bxe5 h6 30. Rxg7+ Kh8 1-0

[Event "Mechanics' Winter TNM; 30/90, SD/30"]
[Site "San Francisco"]
[Date "2013.02.19"]
[Round "7.19"]
[White "Bachseitz, Martin"]
[Black "Ryaboy, Vadim"]
[Result "0-1"]
[WhiteElo "1601"]
[BlackElo "1782"]
[PlyCount "93"]
[EventDate "2013.??.??"]

1. d4 d5 2. Bf4 Bf5 3. e3 e6 4. Bd3 Bxd3 5. Qxd3 Nc6 6. a3 Bd6 7. Ne2 Bxf4 8.
Nxf4 Nf6 9. Nd2 Qd6 10. c4 O-O 11. c5 Qe7 12. O-O e5 13. Ne2 e4 14. Qb5 Qd7 15.
Rfc1 Rab8 16. b4 a6 17. Qa4 Nxd4 18. Qxd7 Nxe2+ 19. Kf1 Nxd7 20. Kxe2 Ne5 21.
Rc3 f5 22. f4 exf3+ 23. gxf3 Rbe8 24. f4 Ng4 25. Nf3 Nf6 26. c6 b6 27. Rd1 Re6
28. Ne5 Rd6 29. Rcd3 Rfd8 30. h3 Ne4 31. Kf3 Nf6 32. a4 Kf8 33. b5 a5 34. Rc1
Ke7 35. Rg1 g6 36. h4 Ne4 37. h5 Rg8 38. hxg6 hxg6 39. Rh1 Nf6 40. Rh6 Nh5 41.
Nxg6+ Rdxg6 42. Rxh5 Rg3+ 43. Ke2 Ke6 44. Rh6+ R3g6 45. Rxg6+ Rxg6 46. Ra3 Kd6
47. Rc3 {White didn't wait for ...Rg2+, followed by ...Ra2.} 0-1

[Event "Mechanics' Winter TNM; 30/90, SD/30"]
[Site "San Francisco"]
[Date "2013.01.29"]
[Round "4.24"]
[White "Bayaara, Chinguun"]
[Black "Sherwood, Peter"]
[Result "0-1"]
[WhiteElo "1645"]
[BlackElo "1812"]
[PlyCount "82"]
[EventDate "2013.??.??"]

1. d4 d5 2. c4 dxc4 3. Nc3 a6 4. e4 b5 5. f3 e6 6. Be3 Nf6 7. Nge2 Bb7 8. Ng3
Be7 9. Be2 O-O 10. O-O Nbd7 11. Rc1 c5 12. dxc5 Bxc5 13. Bxc5 Nxc5 14. Qxd8
Rfxd8 15. Rfd1 Kf8 16. Nf1 Ke7 17. Ne3 Rxd1+ 18. Rxd1 Rd8 19. Rxd8 Kxd8 20. Kf1
Nfd7 21. Ke1 Ne5 22. Kd2 Kc7 23. Nc2 Ned3 24. Bxd3 Nxd3 25. Nd1 Kd6 26. Ne1
Nxe1 27. Kxe1 b4 28. Kd2 Kc5 29. Ne3 a5 30. h3 Kd4 31. Nc2+ Ke5 32. g3 Bc6 33.
a3 Ba4 34. Ne3 Kd4 35. axb4 axb4 36. Nf1 c3+ 37. bxc3+ bxc3+ 38. Kc1 Bb5 39.
Nh2 Kd3 40. Ng4 Kd4 41. h4 Be2 0-1